000 00763cam a22002411 4500
001 25627
003 BD-RjUL
005 20211209050914.0
008 140318r19601922mauabch 001 0 eng
035 _a(BD-RjUL)25697
035 _a(OCoLC)6191575
040 _aDLC
_cICIU
_dBD-RjUL
_beng
041 _aeng
082 0 0 _a940.3141
_bBAW V-2 1960
100 1 _aBaker, Ray Stannard,
_d1870-1946.
_978746
245 1 0 _aWoodrow Wilson and world settlement :
_cwritten from his unpublished and personal material /
_nVolume II
260 _aGloucester, Mass. :
_bP. Smith,
_cc1922 [Reprinted 1960].
300 _axii, 561 p :
_bill. ;
_c21 cm.
600 1 0 _aWilson, Woodrow,
_d1856-1924.
_978749
942 _2ddc
_cBK
999 _c25627
_d25627